005630000a22001090004500090001700000100004000017245024400057041001400301942001300315773010800328999001700436 aASbSeriadas1 aDuque Osorio, Juan Fernando910052110aDescripción de la estructura interna del mesencéfalo de Aotus (Primates: Simiiformes: Aotidae) con referencia a Homo (Primates: Simiiformes: Horminidae): posibles implicaciones en la evolución de los ciclos circadianos de Mamíferos0 aEspañol cARTICULO1 tRevista de la Academia Colombiana de Ciencias Exactas, Físicas y Naturalesh128q425-444 p.d2009g33 c16288d16288